FIFA 21 Top 20 Strikers - Statistics

General Stats
  • This quiz has been taken 263 times
  • The average score is 13 of 20
Answer Stats
Rank Player OVA % Correct
1 Cristiano Ronaldo 92
99%
2 Robert Lewandowski 91
97%
3 Kylian Mbappé 90
90%
4 Karim Benzema 89
88%
12 Luis Suárez 87
84%
5 Sergio Agüero 89
83%
7 Harry Kane 88
82%
19 Erling Braut Haaland 84
78%
9 Antoine Griezmann 87
74%
17 Romelu Lukaku 85
73%
8 Roberto Firmino 88
70%
11 Pierre-Emerick Aubameyang 87
67%
20 Lautaro Martínez 84
53%
14 Timo Werner 85
52%
6 Paulo Dybala 88
50%
10 Ciro Immobile 87
46%
13 Jamie Vardy 86
40%
16 Mauro Icardi 85
40%
15 Memphis Depay 85
34%
18 Dries Mertens 85
25%
No matching quizzes found
Score Distribution
Percent of People with Each Score
Percentile by Number Answered
Your Score History
You have not taken this quiz